00351nam a2200133Ia 4500008004100000041000800041082001400049100002200063245004400085250001400129260003500143300003200178365000700210240624s9999 xx 000 0 und d aeng a155.2 FRI aFRIEDMAN HOWARD S aPERSONALITY CLASSIC THEORIES AND MODERN a(2nd ed.) c2004aDelhibPearson Education axiii, : 584 : p. : cm. ; 24 cRS